书目信息 |
| 题名: |
3DS MAX现代建筑效果图及浏览动画创作技能特训
|
|
| 作者: | 高志清 主编 | |
| 分册: | ||
| 出版信息: | 北京 中国水利水是出版社 2003.6 |
|
| 页数: | 348页 | |
| 开本: | 26cm | |
| 丛书名: | 电脑设计技能特训丛书 | |
| 单 册: | ||
| 中图分类: | TU201.4 | |
| 科图分类: | ||
| 主题词: | 建筑设计: 计算机辅助设计--图形软件, 3DS MAX , 建筑设计 , 计算机辅助设计 | |
| 电子资源: | ||
| ISBN: | 7-5084-1516-7 | |
| 000 | 00908nam2 2200277 45 | |
| 001 | 012004000000 | |
| 005 | 20050119104755.47 | |
| 010 | @a7-5084-1516-7@dCNY 40.00 | |
| 100 | @a20040920e20032003em y0chiy0121 ea | |
| 101 | 0 | @achi |
| 102 | @aCN@b110000 | |
| 105 | @aa z 000yy | |
| 200 | 1 | @a3DS MAX现代建筑效果图及浏览动画创作技能特训@A3DS MAX xiang dai jian zhu xiao guo tu ji liu lan dong hua chuang zuo ji neng te xun@f高志清主编 |
| 210 | @a北京@c中国水利水是出版社@d2003.6@h2003.10重印 | |
| 215 | @a348页@c图@d26cm@e附光盘1片 | |
| 225 | 2 | @a电脑设计技能特训丛书 |
| 320 | @a本书含附录 | |
| 410 | 0 | @12001 @a电脑设计技能特训丛书 |
| 606 | 0 | @a建筑设计: 计算机辅助设计@x图形软件, 3DS MAX |
| 606 | 0 | @a建筑设计 |
| 606 | 0 | @a计算机辅助设计 |
| 610 | 1 | @a3DS MAX |
| 690 | @aTU201.4@v4 | |
| 701 | 0 | @a高志清@Agao zhi qing@4主编 |
| 801 | 0 | @aCN@bQSSKxf@c20050119 |
| 905 | @a10447@dTU201.4@eG2105 | |
| 3DS MAX现代建筑效果图及浏览动画创作技能特训/高志清主编.-北京:中国水利水是出版社,2003.6(2003.10重印) |
| 348页:图;26cm+附光盘1片.-(电脑设计技能特训丛书) |
| ISBN 7-5084-1516-7:CNY 40.00 |
| ● |
| 相关链接 |
|
|
|
正题名:3DS MAX现代建筑效果图及浏览动画创作技能
索取号:TU201.4/G2105
 
预约/预借
| 序号 | 登录号 | 条形码 | 馆藏地/架位号 | 状态 | 备注 |
| 1 | 439197 | 204391979 | 建筑库101/101建筑库 33排4列1层/ [索取号:TU201.4/G2105] | 在馆 | |
| 2 | 439198 | 204391988 | 建筑库101/101建筑库 33排4列1层/ [索取号:TU201.4/G2105] | 在馆 | |
| 3 | 439199 | 204391997 | 建筑库101/101建筑库 33排4列1层/ [索取号:TU201.4/G2105] | 在馆 |